00852nam a2200205 a 450000100100000000500170001000800410002702000150006804000250008324500970010826000470020530000210025249000610027370000200033470000300035471000720038483000680045695201050052499900170062900004107820201002034612.0130917s2001 sp 000 0 spa d a8400079515 aDO-SdBNPbspacBNPHU00aNomenmyx a nomenclatural taxabase of myxomycetes /ceditado por C. Lado ; J. C. Hernández. aMadrid :bReal Jardín Botánico,c2001. a219 p. ;c24 cm.1 aCuadernos de trabajo de Flora micológica Ibéricav161 aLado, C.9675831 aHernández, J. C.9675842 aConsejo Superior de Investigaciones Sientíficas (España)963726 0aCuadernos de trabajo de Flora micológica Ibéricav16967585 001050718MOaGRbGRcCTd2013-09-17iLF1l0o p41078-10r2020-06-25w2020-06-25y1ZNo se presta c40568d40568